Information security management handbook, vol 4

Saved in:
Bibliographic Details
Format: Book
Language:English
Edition:6th ed.
Tags: Add Tag
No Tags, Be the first to tag this record!
Call Number :

MARC

LEADER 00000nam a2200000 a 4500
001 43563
003 MY-KLNDU
005 20241219004131.0
008 110623 000 0 eng d
020 |a 9781439819029 
039 9 |y 201106231648  |z rafizah 
245 0 0 |a Information security management handbook, vol 4 
250 |a 6th ed. 
999 |a vtls000044537  |c 43563  |d 43563